Fußball: Deutscher EM-Kader 2024 - Vereine - Statistiken

Allgemein
  • Dieses Quiz wurde 1.839 mal gespielt
  • Das Durchschnittsergebnis liegt bei 24 aus 26
Antwortstatistiken
Nr. Spieler Verein % Korrekt
1 Manuel Neuer Bayern München
100%
2 Antonio Rüdiger Real Madrid
98%
6 Joshua Kimmich Bayern München
97%
10 Jamal Musiala Bayern München
97%
8 Toni Kroos Real Madrid
97%
4 Jonathan Tah Bayer Leverkusen
96%
17 Florian Wirtz Bayer Leverkusen
96%
13 Thomas Müller Bayern München
96%
19 Leroy Sané Bayern München
96%
15 Nico Schlotterbeck Borussia Dortmund
95%
7 Kai Havertz Arsenal
94%
9 Niclas Füllkrug Borussia Dortmund
94%
22 Marc-André ter Stegen FC Barcelona
94%
25 Emre Can Borussia Dortmund
93%
3 David Raum RB Leipzig
92%
26 Deniz Undav VfB Stuttgart
92%
23 Robert Andrich Bayer Leverkusen
91%
12 Oliver Baumann TSG Hoffenheim
90%
18 Maximilian Mittelstädt VfB Stuttgart
90%
11 Chris Führich VfB Stuttgart
89%
21 Ilkay Gündogan FC Barcelona
88%
16 Waldemar Anton VfB Stuttgart
88%
20 Benjamin Henrichs RB Leipzig
86%
14 Maximilian Beier TSG Hoffenheim
82%
5 Pascal Groß Brighton & Hove Albion
76%
24 Robin Koch Eintracht Frankfurt
76%
Keine übereinstimmenden Quizze gefunden
Verteilung der Resultate
Anzahl Personen mit jedem Resultat
Perzentil nach korrekt beantworteten Fragen
Ihre Resultats-Entwicklung
Sie haben dieses Quiz noch nicht gespielt